=LDR 00000nam 2200000 4500 =001 INLIS000000000038811 =005 20210120105239 =035 ##$$a 0010-061300000038811 =008 210120################g##########0#ind## =041 ##$$a Ind =082 ##$$a 332.6 =090 ##$$a 332.6, Ari s =100 ##$$a Ariefiansyah, Miyosi =245 1#$$a Sim salabim jago investasi : $b Pasti untung anti buntung /$c Miyosi Ariefiansyah =260 ##$$a Jakarta :$b Laskar Aksara,$c 2011 =300 ##$$a vi,157 hlm. : $b ilus. ; $c 19 x 13 cm. =650 #4$$a Investasi =850 ##$$a NBPNMAT =084 ##$$a 332.6 ARI s =990 ##$$a 93576/BPAP-NTB/2014 =990 ##$$a 0001/BPAP-NTB/20142014 =990 ##$$a 01201806907 =990 ##$$a 21111047 =990 ##$$a 93576/BPAP-NTB/2014 =990 ##$$a 0001/BPAP-NTB/20142014 =990 ##$$a 21111287 =990 ##$$a 93576/BPAP-NTB/2014 =990 ##$$a 21111047 =990 ##$$a 21111049 =990 ##$$a 21111287 =990 ##$$a 21111047